Quốc hội khóa I (1946) Kỷ niệm 70 năm Quốc hội đầu tiên nước Việt Nam dân chủ cộng hòa Tập 6
Thư mục: tr. 111-112; Những câu chuyện về một số đại biểu của dân được bầu vào Quốc hội khoá VI (1976) nước Việt Nam thống nhất, những thế hệ trải qua cuộc kháng chiến cứu nước, nay tiếp tục đồng hành với thế hệ mới xây dựng, ki...
Guardat en:
| Autor principal: | |
|---|---|
| Altres autors: | |
| Format: | Llibre |
| Idioma: | Undetermined |
| Publicat: |
Tp. Hồ Chí Minh
Tổng hợp Tp. Hồ Chí Minh
2016
|
| Matèries: | |
| Accés en línia: | http://lrc.tdmu.edu.vn/opac/search/detail.asp?aID=2&ID=28363 |
| Etiquetes: |
Afegir etiqueta
Sense etiquetes, Sigues el primer a etiquetar aquest registre!
|
| Thư viện lưu trữ: | Trung tâm Học liệu Trường Đại học Thủ Dầu Một |
|---|
| LEADER | 01541nam a2200253Ia 4500 | ||
|---|---|---|---|
| 001 | TDMU_28363 | ||
| 008 | 210410s9999 xx 000 0 und d | ||
| 082 | |a 398.80959752 | ||
| 090 | |b H100 | ||
| 100 | |a Hà, Minh Hồng | ||
| 245 | 0 | |a Quốc hội khóa I (1946) | |
| 245 | 0 | |b Kỷ niệm 70 năm Quốc hội đầu tiên nước Việt Nam dân chủ cộng hòa | |
| 245 | 0 | |c Hà Minh Hồng, Lưu Văn Quyết (ch.b), Trần Thuận...[và nh.ng.khác] | |
| 245 | 0 | |n Tập 6 | |
| 245 | 0 | |p Chuyện về các đại biểu của dân | |
| 260 | |a Tp. Hồ Chí Minh | ||
| 260 | |b Tổng hợp Tp. Hồ Chí Minh | ||
| 260 | |c 2016 | ||
| 300 | |a 112tr. | ||
| 520 | |a Thư mục: tr. 111-112; Những câu chuyện về một số đại biểu của dân được bầu vào Quốc hội khoá VI (1976) nước Việt Nam thống nhất, những thế hệ trải qua cuộc kháng chiến cứu nước, nay tiếp tục đồng hành với thế hệ mới xây dựng, kiến thiết đất nước, bảo vệ Tổ quốc, kiến tạo hoà bình, phát triển và hội nhập quốc tế | ||
| 650 | |a Đại biểu nhân dân ; Quốc hội khóa 6 |z Việt Nam | ||
| 700 | |a Trần, Thuận | ||
| 856 | |u http://lrc.tdmu.edu.vn/opac/search/detail.asp?aID=2&ID=28363 | ||
| 980 | |a Trung tâm Học liệu Trường Đại học Thủ Dầu Một | ||